Introduzione alla storia del pensiero giuridico: giusnaturalismo, filosofia del diritto, storia del pensiero giuridico

Guardado en:
Detalles Bibliográficos
Autor principal: De Gennaro, Antonio (Autor)
Formato: Libro
Lenguaje:italiano
Publicado: Turín G. Giappichelli 1979
Materias:
Etiquetas: Agregar Etiqueta
Sin Etiquetas, Sea el primero en etiquetar este registro!

MARC

LEADER 00000nam a2200000 a 4500
001 UCR1925
003 CL-VaPUC
008 980107e19790000IT |||||||||||||||||ita|d
082 0 4 |a 340.1  |b DEG  |2 21 
100 0 |a De Gennaro, Antonio  |e author  |9 399473 
245 1 0 |a Introduzione alla storia del pensiero giuridico: giusnaturalismo, filosofia del diritto, storia del pensiero giuridico 
300 |a 643 p 
942 |c BK 
945 |d 19980107 00:00:00  |a cmena 
260 |a Turín  |b G. Giappichelli  |c 1979 
650 0 |a Filosofía del derecho   |9 255050 
650 0 |a Historia del derecho  |9 255109 
650 0 |a Iusnaturalismo  |9 393557 
650 0 |a Escuelas filosóficas   |9 266232 
650 0 |a Positivismo  |9 269460 
583 |a last modification  |c 19980107 00:00:00  |k Rodrigo Vera 
999 |c 265242  |d 265240 
952 |0 0  |1 0  |4 0  |6 340_100000000000000_DEG_1979  |7 0  |8 DER_HIS  |9 296089  |a BIBDER  |b BIBDER  |d 2019-11-20  |i 192317K  |o 340.1 DEG 1979  |p 192317K  |r 2023-01-25  |w 2019-11-20  |x Ubicación 4to Piso  |y BK  |z Estos recursos deben solicitarse con anticipación  |k DER